| 000 | 00354nam a2200145Ia 4500 | ||
|---|---|---|---|
| 100 | _aMinister of home affairs/new delhi | ||
| 490 | _v1 | ||
| 942 | _cBK | ||
| 654 | _aOffice Procedure | ||
| 245 | _aNote of office Procedure | ||
| 260 |
_bantroller of publication civil links _aDelhi _c1980 |
||
| 082 | _a354.54001 | ||
| 300 | _a268 | ||
| 546 | _aENGLISH | ||
| 999 |
_c30305 _d30305 |
||